| 000 | 00710nam a2200217Ia 4500 | ||
|---|---|---|---|
| 003 | GCL | ||
| 008 | 140319s9999 xx 000 0 ara d | ||
| 040 |
_aGCL / _cGCL |
||
| 082 | 0 | 4 |
_aط _b239 _bا س |
| 100 | 1 | _aسيد عطية ابوالنجا (مراجع) | |
| 245 | 1 | 0 |
_aالسيرة النبوية لابن هشام LA VIE DU PROPHETE / _cسيد عطية ابوالنجا (مراجع) |
| 700 | 1 | _aابراهيم الابيارى | |
| 260 |
_a[S.N] : _bدار الكتب الاسلامية ، _c1990 |
||
| 300 | _a23 ص | ||
| 490 | _a | ||
| 650 | 0 | 4 | _aالاسلام |
| 650 | 0 | 4 | _aالسيرة النبوية |
| 650 | 0 | 4 | _aالاطفال |
| 650 | 0 | 4 | _aاللغة الفرنسية |
| 942 |
_2ddc _cBK |
||
| 999 |
_c56773 _d56773 |
||